000
00431nam a2200133Ia 4500
008
100328s9999 xx 000 0 und d
082
_b
18680
100
_a
ढेरे रा.चि.-संपा.
245
_a
हरिवरदा खंड 5वा
260
_b
द.र.कोपर्डेकर
630
_a
हरिवरदा खंड 5वा
730
_a
हरिवरदा खंड 5वा
942
_c
BOOK
999
_c
513057
_d
513054